000 00816nam a2200229Ii 4500
003 JO-AjNU
008 230605s9999||||xx |||||||||||||| ||und||
017 _a3928/11/2013
020 _a978-9957-92-066-1
040 _aJO-AjNU
_bara
_erda
_cJO-AjNU
041 _aara
050 1 4 _aD363.2015
100 3 _aالجبوري، احمد اسماعيل؛ م.مشارك اياد علي الهاشمي,
_eauthor
_960192
245 0 0 _aالتاريخ الدبلوماسي=Diplomatic History
250 _aط1
264 3 1 _aعمان: دار الفكر ناشرون وموزعون، 2015
300 _a304ص
336 _atext
_btxt
_2rdacontent
337 _aunmediated
_bn
_2rdamedia
338 _avolume
_bnc
_2rdacarrier
650 4 _aالدبلوماسية-التاريخ الدبلوماسي-العلاقات
_960193
999 _aA27129
_c30697
_d30697